| 000 | 00472nam a2200193Ia 4500 | ||
|---|---|---|---|
| 008 | 170918s9999 xx 000 0 und d | ||
| 020 | _a9780590302715 | ||
| 050 | _bW583 1952 | ||
| 100 | _aWhite, E. B. | ||
| 245 | _aCharlotte's web / | ||
| 245 | _cE. B. White ; pictures by Garth Williams. | ||
| 260 | _aNew York : | ||
| 260 | _bScholastic, | ||
| 260 | _c1952 | ||
| 300 | _a183 pages : | ||
| 300 | _bcolored illustration ; | ||
| 300 | _c19cm. | ||
| 500 | _a680 | ||
| 999 |
_c341812 _d341812 |
||